01770nam a2200217Ia 45000010005000000080041000050100009000460410014000550820028000692450165000972600018002623000007002805200007002876300024002946300015003186300017003336500045003507000027003957000035004225201095004572225241029s9999 xx 000 0 und d a2087 aEspañol aBU. ED. 427. UTESA F.H. 0aEstrategias para prevenir el consumo de drogas en el Nivel Básico de la Escuela Mauricio Báez, en el Distrito Nacional, Período Septiembre-Diciembre, 2010 aSanto Domingo a87 a35 aEducación y Salud aEstrategia aPrevención aEjes Transversales (Educación y Salud) easesoraJavier, Mario  eautora Hernández, Ernestina aEl propósito fundamental de este trabajo se centra en la necesidad de implementar por medio de un plan de acción de estrategias preventivas para evitar el consumo de drogas en alumnos y alumnas de educación básica en la escuela Mauricio Báez, ubicada en el distrito nacional, basado en el manejo y comprensión de la problemática de las drogas.Las características de este trabajo son las de una investigación cualitativa. Con el fin de crear estrategias para la prevención del uso de drogas en la escuela Mauricio Báez.Para el análisis e interpretación de la información de este trabajo se aplicó un cuestionario, el cual fue respondido favorablemente por los docentes del centro, cuyos resultados permitieron formular la teorización correspondiente.Los resultados obtenidos permitieron llegar a la conclusión que la problemática que se presenta en la Institución Educativa, es la situación de riesgo en el consumo de drogas, que viven diariamente los alumnos y alumnas de la misma por el ambiente del barrio y por la población que asiste al centro.